000 00783nam a2200253Ia 4500
003 OSt
005 20220923224631.0
006 a|||||r|||| 00| 0
007 ta
008 220922b |||||||| |||| 00| 0 hin d
024 _a248,435
037 _cTextual
040 _aARTS
_cARTS
_bhin
041 _2hin
_ahin
082 _aO15,1:g, 152J6
100 _aशुक्ल, रामबहोरी
245 0 _aकाव्य प्रदीप
246 _aKāvya pradīpa
260 _aजालन्धर
_b हिन्दी भवन
_c1956
300 _a308पृ.
_ccm.
650 _aहिन्दी साहित्य
_9156264
942 _hO15,1:g, 152J6
_cTEXL
_2CC
999 _c372666
_d372666